000
00489nam a2200133Ia 4500
008
100328s9999 xx 000 0 und d
082
_b
43840
100
_a
खान अब्दुल हमीद-संपा.
245
_a
रवींद्रनाथ टागोर
260
_b
राष्ट्रीय चरित्रमाला
630
_a
रवींद्रनाथ टागोर
730
_a
रवींद्रनाथ टागोर
942
_c
BOOK
999
_c
532158
_d
532155